'D' First Names Quiz Stats

 Plays Quiz Updated Jan 20, 2017

Support Sporcle.
Go Orange.
Score 0/20 Timer 05:00
4 Plays Today
% Correct
Donald
96.5%
Drew
95.3%
Denzel
95%
David
94%
Dwight
91.7%
Daniel
91%
Demi
90.3%
Dick
90.1%
Dustin
90%
Dennis
88.4%
% Correct
Diane
86.2%
Dean
83.3%
Desmond
83.1%
Dylan
65.1%
Diego
61.4%
Dante
58.5%
Douglas
47.7%
Dominic
39.5%
Dorothy
36.2%
Damon
31.6%

You're not logged in!

Compare scores with friends on all Sporcle quizzes.
OR
Log In
Forgot?

From the Vault

TV Show by Surname

by travster101

Sometimes you don't want to know TV characters on a first name basis.
Remove Ads.
Support Sporcle.
Get the best of Sporcle when you Go Orange. This ad-free experience offers more features, more stats, and more fun while also helping to support Sporcle. Thank you for becoming a member.

Show Comments

Extras

Top Quizzes Today


Score Distribution

Your Account Isn't Verified!

In order to create a playlist on Sporcle, you need to verify the email address you used during registration. Go to your Sporcle Settings to finish the process.

Report this User

Report this user for behavior that violates our Community Guidelines.

Details: